Cell and Molecular Biology (Record no. 291861)

MARC details
000 -LEADER
fixed length control field 00386pam a2200157a 44500
008 - FIXED-LENGTH DATA ELEMENTS--GENERAL INFORMATION
fixed length control field 230405s1988 xxu||||| |||| 00| 0 eng d
041 ## - LANGUAGE CODE
Language code of text/sound track or separate title ENG
100 ## - MAIN ENTRY--PERSONAL NAME
Personal name De Robertis E.D.P.
245 ## - TITLE STATEMENT
Title Cell and Molecular Biology
250 ## - EDITION STATEMENT
Edition statement 8 Ed.
260 ## - PUBLICATION, DISTRIBUTION, ETC.
Place of publication, distribution, etc.
Name of publisher, distributor, etc. Info-Med Ltd.
Date of publication, distribution, etc. 1988
300 ## - PHYSICAL DESCRIPTION
Extent 254p.
690 ## - LOCAL SUBJECT ADDED ENTRY--TOPICAL TERM (OCLC, RLIN)
Topical term or geographic name as entry element SR.COLLEGE REGULAR GRANT
700 ## - ADDED ENTRY--PERSONAL NAME
Personal name De Robertis E.M.F.
906 ## - LOCAL DATA ELEMENT F, LDF (RLIN)
a 518
Holdings
Withdrawn status Lost status Damaged status Not for loan Collection Home library Current library Shelving location Date acquired Source of acquisition Cost, normal purchase price Total Checkouts Full call number Barcode Date last seen Price effective from Koha item type
          Matoshri Bayabai Shripatrao Kadam Kanya Mahavidyalaya, Kadegaon, Sangli Matoshri Bayabai Shripatrao Kadam Kanya Mahavidyalaya, Kadegaon, Sangli   22/03/2011 Info-Med Ltd., 350.00   591.5 KVK-S01168 18/04/2023 18/04/2023 Book